Textes religieux assyriens et babyloniens / (Record no. 166190)

MARC details
000 -LEADER
campo de control de longitud fija 00910nam a22002055i 4500
001 - NÚMERO DE CONTROL
campo de control 166190
003 - IDENTIFICADOR DE NÚMERO DE CONTROL
campo de control ES-MaACL
005 - FECHA Y HORA DE LA ÚLTIMA TRANSACCIÓN
campo de control 20250726075518.0
008 - DATOS DE LONGITUD FIJA--INFORMACIÓN GENERAL
campo de control de longitud fija 050912s1900 fr | |||||||| ||fre d
040 ## - FUENTE DE CATALOGACIÓN
Centro catalogador/agencia de origen CAM
Lengua de catalogación spa
Centro/agencia transcriptor CAM
245 00 - MENCIÓN DEL TÍTULO
Título Textes religieux assyriens et babyloniens /
Mención de responsabilidad, etc. transcription, traduction et commentaire par François Martin.
260 ## - PUBLICACIÓN, DISTRIBUCIÓN, ETC.
Lugar de publicación, distribución, etc. Paris :
Nombre del editor, distribuidor, etc. Emile Bouillon, éditeur,
Fecha de publicación, distribución, etc. 1900 (
Fabricante Imprimerie française et orientale de E. Bertrand)
300 ## - DESCRIPCIÓN FÍSICA
Extensión XXIX, 143 p., [1] h. de lám. ;
Dimensiones 24 cm.
490 1# - MENCIÓN DE SERIE
Mención de serie Bibliothèque de l'Ecole des Hautes Etudes. Sciences philologiques et historiques ;
Designación de volumen o secuencia 130
650 #4 - PUNTO DE ACCESO ADICIONAL DE MATERIA--TÉRMINO DE MATERIA
Término de materia o nombre geográfico como elemento de entrada Lengua acadia-
Subdivisión de forma Textos.
9 (RLIN) 136350
700 1# - ENTRADA AGREGADA--NOMBRE PERSONAL
Nombre de persona Bouillon, Emile,
Término indicativo de función/relación
9 (RLIN) 187736
830 00 - PUNTO DE ACCESO ADICIONAL DE SERIE-TÍTULO UNIFORME
Título uniforme Bibliothèque de l'École des Hautes Études. Sciences historiques et philologiques
Designación de volumen o secuencia 130
9 (RLIN) 229685
852 ## - LOCALIZACIÓN
Ubicación ES-MaACL
Número de control de estantería C-7649
Nota libre -- Enc. hol.
Holdings
Estatus retirado Estado de pérdida Estado de daño No para préstamo Colección Biblioteca de origen Biblioteca actual Ubicación en estantería Fecha de adquisición Fuente de adquisición Total de préstamos Signatura topográfica completa Código de barras Visto por última vez Precio de reemplazo Tipo de ítem Koha
        Libros del s. XIX Biblioteca del Ateneo de Madrid Biblioteca del Ateneo de Madrid Sala Palomar 17/01/2008     C-7649 1174289 23/02/2023 23/02/2023 Libro impreso antiguo